Vista normal Vista MARC

Entrada Topical Term

Número de registros utilizados en: 1

001 - CONTROL NUMBER

  • control field: 36627

003 - CONTROL NUMBER IDENTIFIER

  • control field: OSt

005 - DATE AND TIME OF LATEST TRANSACTION

  • control field: 20210406142910.0

008 - FIXED-LENGTH DATA ELEMENTS

  • fixed length control field: 210406|| aca||aabn | a|a d

040 ## - CATALOGING SOURCE

  • Original cataloging agency: OSt
  • Transcribing agency: OSt

150 ## - HEADING--TOPICAL TERM

  • Topical term or geographic name entry element: Riqueza
  • General subdivision: Teoría

670 ## - SOURCE DATA FOUND

  • Source citation: Work cat.: (OSt): Smith, Adam, autor 1565, Investigación sobre la naturaleza y causas de la riqueza de las naciones / , 1958